000 00945nas a2200337 4500
001 BR2016004824
003 BR-BrBNA
005 20231205130752.0
007 ta
008 230509b bl.|||p| |||| 00| 00por d
040 _aBR-BrBNA
_bpor
_cBiblioteca Nacional de Agricultura
041 _a(En)
072 _aH10
100 1 _aBenito, N.P.
100 1 _aLopes-da-Silva, M.
100 1 _aSantos, R.S.S. dos
245 1 _aPotential spread and economic impact of invasive Drosophila suzukii in Brasil
650 _aMAÇÃ
650 _aUVA
650 _aPÊSSEGO
650 _aCAQUI
650 _aFIGO
650 _aPERA
650 _aINSETO
650 _aDIPTERA
650 _aIMPACTO ECONÔMICO
650 _aPERDA DA PRODUÇÃO
773 0 _tPesquisa Agropecuária Brasileira (Brazil)
_xISSN 0100-204X
_g(May 2016), v. 51(5) p. 571-578
_wBR2016004824
909 _a202311
_bLúcia
_c55
_dLúcia Elande
942 _2AGRIS
_n0
_cANA
999 _c251118
_d251118